Normal view
MARC view
Entry Topical Term
001 - CONTROL NUMBER
- control field: 35072
003 - CONTROL NUMBER IDENTIFIER
- control field: OSt
005 - DATE AND TIME OF LATEST TRANSACTION
- control field: 20230127110044.0
008 - FIXED-LENGTH DATA ELEMENTS
- fixed length control field: 230127|| aca||aabn | a|a d
040 ## - CATALOGING SOURCE
- Original cataloging agency: OSt
- Transcribing agency: OSt
150 ## - HEADING--TOPICAL TERM
- Topical term or geographic name entry element: Social audit, Accountability, MGNREGA, Gram panchayat, Gram sabha, NIRDPR, Fifteenth finance commission, National social assistance programme.
670 ## - SOURCE DATA FOUND
- Source citation: Work cat.: (OSt): Sinha,Rajesh Kumar 35071, Expanding social audit to development programmes beyond MGNREGA
